<?xml version="1.0" encoding="UTF-8"?>
<record
    xmlns:xsi="http://www.w3.org/2001/XMLSchema-instance"
    xsi:schemaLocation="http://www.loc.gov/MARC21/slim http://www.loc.gov/standards/marcxml/schema/MARC21slim.xsd"
    xmlns="http://www.loc.gov/MARC21/slim">

  <leader>01124nam a22002897ia4500</leader>
  <controlfield tag="001">85844</controlfield>
  <controlfield tag="003">ItRI</controlfield>
  <controlfield tag="005">20260429122851.0</controlfield>
  <controlfield tag="008">260429s1973    it ||||||    ||||| |ita|c</controlfield>
  <datafield tag="015" ind1=" " ind2=" ">
    <subfield code="2">IT</subfield>
    <subfield code="a">762979</subfield>
  </datafield>
  <datafield tag="040" ind1=" " ind2=" ">
    <subfield code="b">ita</subfield>
    <subfield code="a">M-RABA</subfield>
    <subfield code="c">M-RABA</subfield>
    <subfield code="d">M-RABA</subfield>
  </datafield>
  <datafield tag="041" ind1=" " ind2="7">
    <subfield code="a">ita</subfield>
    <subfield code="2">ISO-639-2</subfield>
  </datafield>
  <datafield tag="082" ind1=" " ind2=" ">
    <subfield code="a">720.945</subfield>
    <subfield code="2">17</subfield>
  </datafield>
  <datafield tag="082" ind1=" " ind2=" ">
    <subfield code="a">720.945</subfield>
    <subfield code="2">18</subfield>
  </datafield>
  <datafield tag="245" ind1="0" ind2="0">
    <subfield code="a">Mostra vanvitelliana </subfield>
    <subfield code="b">: catalogo dei documenti e dei modelli : Napoli, Palazzo Reale, 5 novembre 1973-13 gennaio 1974</subfield>
    <subfield code="c">/ Banco di Napoli</subfield>
  </datafield>
  <datafield tag="260" ind1=" " ind2=" ">
    <subfield code="a">Napoli</subfield>
    <subfield code="b">: Banco di Napoli</subfield>
    <subfield code="c">, 1973</subfield>
  </datafield>
  <datafield tag="300" ind1=" " ind2=" ">
    <subfield code="a">48 p. :</subfield>
    <subfield code="b">il. ;</subfield>
    <subfield code="c">24 cm</subfield>
  </datafield>
  <datafield tag="500" ind1=" " ind2=" ">
    <subfield code="a">En port.: Istituto di storia dell'architettura dell'Universita di Napoli; Soprintendenza alle gallerie della Campania; Archivio storico del Banco di Napoli.</subfield>
  </datafield>
  <datafield tag="546" ind1=" " ind2=" ">
    <subfield code="a">Texto en italiano.</subfield>
  </datafield>
  <datafield tag="600" ind1="1" ind2="7">
    <subfield code="a">Vanvitelli, Luigi (</subfield>
    <subfield code="d">1700-1773)</subfield>
    <subfield code="9">25115</subfield>
  </datafield>
  <datafield tag="655" ind1=" " ind2="4">
    <subfield code="a">Cat&#xE1;logos de exposiciones</subfield>
    <subfield code="9">45336</subfield>
  </datafield>
  <datafield tag="774" ind1="0" ind2=" ">
    <subfield code="w">IT\ICCU\NAP\0244564</subfield>
    <subfield code="t">Modelli architettonici della raccolta vanvitelliana di Caserta</subfield>
    <subfield code="g">2</subfield>
    <subfield code="a">Fiengo, Giuseppe (1937- )</subfield>
  </datafield>
  <datafield tag="852" ind1=" " ind2=" ">
    <subfield code="j">F-16115</subfield>
  </datafield>
  <datafield tag="942" ind1=" " ind2=" ">
    <subfield code="c">FONDOMODER</subfield>
    <subfield code="n">0</subfield>
  </datafield>
  <datafield tag="952" ind1=" " ind2=" ">
    <subfield code="0">0</subfield>
    <subfield code="1">0</subfield>
    <subfield code="2">ddc</subfield>
    <subfield code="4">0</subfield>
    <subfield code="7">0</subfield>
    <subfield code="a">RABASF</subfield>
    <subfield code="b">RABASF</subfield>
    <subfield code="c">DP2</subfield>
    <subfield code="d">2026-04-29</subfield>
    <subfield code="e">D</subfield>
    <subfield code="i">48187</subfield>
    <subfield code="l">0</subfield>
    <subfield code="o">F-16115</subfield>
    <subfield code="p">1097140</subfield>
    <subfield code="r">2026-04-29 12:29:19</subfield>
    <subfield code="w">2026-04-29</subfield>
    <subfield code="y">FONDOMODER</subfield>
    <subfield code="z">Donaci&#xF3;n de Vincenzo Giuseppe Sabini</subfield>
  </datafield>
  <datafield tag="981" ind1=" " ind2="1">
    <subfield code="6">z01</subfield>
    <subfield code="a">i </subfield>
    <subfield code="b">xxxe  </subfield>
  </datafield>
  <datafield tag="982" ind1=" " ind2="1">
    <subfield code="6">z01</subfield>
    <subfield code="a">n</subfield>
  </datafield>
  <datafield tag="999" ind1=" " ind2=" ">
    <subfield code="c">85844</subfield>
    <subfield code="d">85844</subfield>
  </datafield>
</record>
